000 00905cam a2200229 i 4500
005 20251127101911.0
008 250721s2004 jo gr 000 0 ara d
020 _a995729010x
082 1 4 _a211.9221
_bخ ا ل
100 1 _aالخالدي، صلاح عبد الفتاح
_eمؤلف.
245 1 0 _aسفر التكوين في ميزان القرآن الكريم من آدم إلى إبراهيم /
_cالدكتور صلاح عبد الفتاح الخالدي.
250 _aالطبعة الأولى.
264 3 1 _aعمان :
_bدار العلوم للنشر و التوزيع،
_c2004.
300 _a212 صفحة.
490 0 _aدراسات في اليهودية ؛
_vرقم3.
650 1 7 _aالقرآن الكريم.
650 1 7 _aالعهد القديم.
650 1 7 _aاليهودية.
830 0 _aدراسات في اليهودية.
942 _2ddc
_cBK
999 _c94465
_d94465